<?xml version="1.0" encoding="UTF-8"?>
<record
    xmlns:xsi="http://www.w3.org/2001/XMLSchema-instance"
    xsi:schemaLocation="http://www.loc.gov/MARC21/slim http://www.loc.gov/standards/marcxml/schema/MARC21slim.xsd"
    xmlns="http://www.loc.gov/MARC21/slim">

  <leader>01001nam a2200253 a 4500</leader>
  <controlfield tag="001">BRL_957</controlfield>
  <controlfield tag="005">20190320210954.0</controlfield>
  <controlfield tag="008">291013s1970----mx-a######---#000-0#spa-#</controlfield>
  <datafield tag="041" ind1=" " ind2=" ">
    <subfield code="a">spaengfreger</subfield>
  </datafield>
  <datafield tag="044" ind1=" " ind2=" ">
    <subfield code="a">mx</subfield>
  </datafield>
  <datafield tag="050" ind1=" " ind2="4">
    <subfield code="a">ND257.M45</subfield>
    <subfield code="b">.P54 1970</subfield>
  </datafield>
  <datafield tag="245" ind1="1" ind2="0">
    <subfield code="a">Piezas maestras de la Pintura Mural Mexicana = Masterpieces of the Mexican Mural Paintings = Chefs d&#xB4;oeuvre de la Peinture Murale Mexicaine = Meisterwerke der Mexikanischen Wandmalerei</subfield>
  </datafield>
  <datafield tag="260" ind1=" " ind2=" ">
    <subfield code="a">M&#xE9;xico</subfield>
    <subfield code="b">Panorama</subfield>
    <subfield code="c">[1970]</subfield>
  </datafield>
  <datafield tag="300" ind1=" " ind2=" ">
    <subfield code="a">1 portafolio</subfield>
    <subfield code="b">il., 8 l&#xE1;minas</subfield>
    <subfield code="c">31 cm.</subfield>
    <subfield code="e">+ Folleto (47 p., 22 cm.)</subfield>
  </datafield>
  <datafield tag="500" ind1=" " ind2=" ">
    <subfield code="a">Au2280</subfield>
  </datafield>
  <datafield tag="500" ind1=" " ind2=" ">
    <subfield code="a">Texto en: espa&#xF1;ol, ingl&#xE9;s, franc&#xE9;s y alem&#xE1;n.</subfield>
  </datafield>
  <datafield tag="600" ind1="1" ind2="4">
    <subfield code="a">Clemente Orozco, Jos&#xE9;</subfield>
    <subfield code="d">1883-1949</subfield>
    <subfield code="v">Biograf&#xED;a</subfield>
    <subfield code="9">25444</subfield>
  </datafield>
  <datafield tag="600" ind1="1" ind2="4">
    <subfield code="a">Rivera, Diego</subfield>
    <subfield code="d">1886-1957</subfield>
    <subfield code="v">Biograf&#xED;a</subfield>
    <subfield code="9">25445</subfield>
  </datafield>
  <datafield tag="600" ind1="1" ind2="4">
    <subfield code="a">Alfaro Siqueiros, David</subfield>
    <subfield code="d">1896-1974</subfield>
    <subfield code="v">Biograf&#xED;a</subfield>
    <subfield code="9">25446</subfield>
  </datafield>
  <datafield tag="600" ind1="1" ind2="4">
    <subfield code="a">Tamayo, Rufino</subfield>
    <subfield code="d">1899-1991</subfield>
    <subfield code="v">Biograf&#xED;a</subfield>
    <subfield code="9">25447</subfield>
  </datafield>
  <datafield tag="650" ind1="1" ind2="4">
    <subfield code="a">pintura mural</subfield>
    <subfield code="z">M&#xE9;xico</subfield>
    <subfield code="9">5317</subfield>
  </datafield>
  <datafield tag="902" ind1=" " ind2=" ">
    <subfield code="a">GRL</subfield>
  </datafield>
  <datafield tag="942" ind1=" " ind2=" ">
    <subfield code="2">lcc</subfield>
    <subfield code="c">B</subfield>
  </datafield>
  <datafield tag="999" ind1=" " ind2=" ">
    <subfield code="c">9769</subfield>
    <subfield code="d">9769</subfield>
  </datafield>
  <datafield tag="952" ind1=" " ind2=" ">
    <subfield code="0">0</subfield>
    <subfield code="1">0</subfield>
    <subfield code="4">0</subfield>
    <subfield code="7">0</subfield>
    <subfield code="a">BRL</subfield>
    <subfield code="b">BRL</subfield>
    <subfield code="d">2013-10-29</subfield>
    <subfield code="i">Au2280</subfield>
    <subfield code="l">0</subfield>
    <subfield code="o">ND257.M45 .P54 1970 (Au2280)</subfield>
    <subfield code="p">GRL01034</subfield>
    <subfield code="r">2019-03-22 00:00:00</subfield>
    <subfield code="w">2019-03-22</subfield>
    <subfield code="y">B</subfield>
  </datafield>
</record>
